Vainqueurs des Coupes Européennes - Statistiques

Statistiques générales
  • Ce quiz a été pris 94 fois
  • Le résultat moyen est 73 sur 161
Statistiques - réponses
Année Compétition Club vainqueur % Correct
1956 Ligue des champions (C1) Real Madrid
97%
1957 Ligue des champions (C1) Real Madrid
97%
1958 Ligue des champions (C1) Real Madrid
97%
1959 Ligue des champions (C1) Real Madrid
97%
1960 Ligue des champions (C1) Real Madrid
97%
1966 Ligue des champions (C1) Real Madrid
97%
1985 Ligue Europa (C3) Real Madrid
97%
1986 Ligue Europa (C3) Real Madrid
97%
1998 Ligue des champions (C1) Real Madrid
97%
2000 Ligue des champions (C1) Real Madrid
97%
2002 Ligue des champions (C1) Real Madrid
97%
2014 Ligue des champions (C1) Real Madrid
97%
2016 Ligue des champions (C1) Real Madrid
97%
2017 Ligue des champions (C1) Real Madrid
97%
2018 Ligue des champions (C1) Real Madrid
97%
2022 Ligue des champions (C1) Real Madrid
97%
1979 Coupe des Coupes (C2) FC Barcelone
75%
1982 Coupe des Coupes (C2) FC Barcelone
75%
1989 Coupe des Coupes (C2) FC Barcelone
75%
1992 Ligue des champions (C1) FC Barcelone
75%
1997 Coupe des Coupes (C2) FC Barcelone
75%
2006 Ligue des champions (C1) FC Barcelone
75%
2009 Ligue des champions (C1) FC Barcelone
75%
2011 Ligue des champions (C1) FC Barcelone
75%
2015 Ligue des champions (C1) FC Barcelone
75%
1968 Ligue des champions (C1) Manchester United
72%
1991 Coupe des Coupes (C2) Manchester United
72%
1999 Ligue des champions (C1) Manchester United
72%
2008 Ligue des champions (C1) Manchester United
72%
2017 Ligue Europa (C3) Manchester United
72%
1970 Coupe des Coupes (C2) Manchester City
71%
2023 Ligue des champions (C1) Manchester City
71%
1964 Ligue des champions (C1) Inter Milan
69%
1965 Ligue des champions (C1) Inter Milan
69%
1991 Ligue Europa (C3) Inter Milan
69%
1994 Ligue Europa (C3) Inter Milan
69%
1998 Ligue Europa (C3) Inter Milan
69%
2010 Ligue des champions (C1) Inter Milan
69%
1993 Ligue des champions (C1) Olympique de Marseille
69%
1963 Ligue des champions (C1) AC Milan
67%
1968 Coupe des Coupes (C2) AC Milan
67%
1969 Ligue des champions (C1) AC Milan
67%
1973 Coupe des Coupes (C2) AC Milan
67%
1989 Ligue des champions (C1) AC Milan
67%
1990 Ligue des champions (C1) AC Milan
67%
1994 Ligue des champions (C1) AC Milan
67%
2003 Ligue des champions (C1) AC Milan
67%
2007 Ligue des champions (C1) AC Milan
67%
1967 Coupe des Coupes (C2) Bayern Munich
63%
1974 Ligue des champions (C1) Bayern Munich
63%
1975 Ligue des champions (C1) Bayern Munich
63%
1976 Ligue des champions (C1) Bayern Munich
63%
1996 Ligue Europa (C3) Bayern Munich
63%
2001 Ligue des champions (C1) Bayern Munich
63%
2013 Ligue des champions (C1) Bayern Munich
63%
2020 Ligue des champions (C1) Bayern Munich
63%
1971 Coupe des Coupes (C2) Chelsea FC
57%
1998 Coupe des Coupes (C2) Chelsea FC
57%
2012 Ligue des champions (C1) Chelsea FC
57%
2021 Ligue des champions (C1) Chelsea FC
57%
1987 Ligue des champions (C1) FC Porto
57%
2003 Ligue Europa (C3) FC Porto
57%
2004 Ligue des champions (C1) FC Porto
57%
2011 Ligue Europa (C3) FC Porto
57%
1961 Ligue des champions (C1) Benfica Lisbonne
54%
1962 Ligue des champions (C1) Benfica Lisbonne
54%
1973 Ligue Europa (C3) Liverpool FC
54%
1976 Ligue Europa (C3) Liverpool FC
54%
1977 Ligue des champions (C1) Liverpool FC
54%
1978 Ligue des champions (C1) Liverpool FC
54%
1981 Ligue des champions (C1) Liverpool FC
54%
1984 Ligue des champions (C1) Liverpool FC
54%
2001 Ligue Europa (C3) Liverpool FC
54%
2005 Ligue des champions (C1) Liverpool FC
54%
2019 Ligue des champions (C1) Liverpool FC
54%
1996 Coupe des Coupes (C2) Paris Saint-Germain
53%
1966 Coupe des Coupes (C2) Borussia Dortmund
47%
1997 Ligue des champions (C1) Borussia Dortmund
47%
1994 Coupe des Coupes (C2) Arsenal
46%
1977 Ligue Europa (C3) Juventus Turin
44%
1984 Coupe des Coupes (C2) Juventus Turin
44%
1985 Ligue des champions (C1) Juventus Turin
44%
1990 Ligue Europa (C3) Juventus Turin
44%
1993 Ligue Europa (C3) Juventus Turin
44%
1996 Ligue des champions (C1) Juventus Turin
44%
2006 Ligue Europa (C3) Séville FC
44%
2007 Ligue Europa (C3) Séville FC
44%
2013 Ligue Europa (C3) Séville FC
44%
2014 Ligue Europa (C3) Séville FC
44%
2015 Ligue Europa (C3) Séville FC
44%
2016 Ligue Europa (C3) Séville FC
44%
2018 Ligue Europa (C3) Séville FC
44%
2019 Ligue Europa (C3) Séville FC
44%
2020 Ligue Europa (C3) Séville FC
44%
2023 Ligue Europa (C3) Séville FC
44%
1971 Ligue des champions (C1) Ajax Amsterdam
42%
1972 Ligue des champions (C1) Ajax Amsterdam
42%
1973 Ligue des champions (C1) Ajax Amsterdam
42%
1987 Coupe des Coupes (C2) Ajax Amsterdam
42%
1992 Ligue Europa (C3) Ajax Amsterdam
42%
1995 Ligue des champions (C1) Ajax Amsterdam
42%
1991 Ligue des champions (C1) Etoile Rouge de Belgrade
38%
2022 Ligue Europa Conférence (C4) AS Rome
35%
1979 Ligue des champions (C1) Nottingham Forest
32%
1980 Ligue des champions (C1) Nottingham Forest
32%
1978 Ligue Europa (C3) PSV Eindhoven
32%
1988 Ligue des champions (C1) PSV Eindhoven
32%
1982 Ligue des champions (C1) Aston Villa
31%
1999 Coupe des Coupes (C2) Lazio Rome
28%
1970 Ligue des champions (C1) Feyenoord Rotterdam
25%
1974 Ligue Europa (C3) Feyenoord Rotterdam
25%
2002 Ligue Europa (C3) Feyenoord Rotterdam
25%
1977 Coupe des Coupes (C2) Hambourg SV
25%
1983 Ligue des champions (C1) Hambourg SV
25%
1986 Ligue des champions (C1) Steaua Bucarest
25%
2023 Ligue Europa Conférence (C4) West Ham
25%
1967 Ligue des champions (C1) Celtic Glasgow
24%
2010 Ligue Europa (C3) Atlético de Madrid
18%
2012 Ligue Europa (C3) Atlético de Madrid
18%
1972 Coupe des Coupes (C2) Glasgow Rangers
18%
1963 Coupe des Coupes (C2) Tottenham Hotspurs
17%
1980 Ligue Europa (C3) Eintracht Francfort
15%
2022 Ligue Europa (C3) Eintracht Francfort
15%
2005 Ligue Europa (C3) CSKA Moscou
13%
1980 Coupe des Coupes (C2) Valence CF
13%
2004 Ligue Europa (C3) Valence CF
13%
2008 Ligue Europa (C3) Zénith Saint-Pétersbourg
13%
1975 Coupe des Coupes (C2) Dynamo Kiev
10%
1986 Coupe des Coupes (C2) Dynamo Kiev
10%
1964 Coupe des Coupes (C2) Sporting Portugal
10%
1988 Ligue Europa (C3) Bayer Leverkusen
8%
2021 Ligue Europa (C3) Villarreal CF
8%
1975 Ligue Europa (C3) Borussia Mönchengladbach
7%
1985 Coupe des Coupes (C2) Everton FC
7%
1997 Ligue Europa (C3) Schalke 04
7%
1993 Coupe des Coupes (C2) Parme FC
6%
1995 Ligue Europa (C3) Parme FC
6%
1999 Ligue Europa (C3) Parme FC
6%
1995 Coupe des Coupes (C2) Real Saragosse
6%
1992 Coupe des Coupes (C2) Werder Brême
6%
1990 Coupe des Coupes (C2) Sampdoria
4%
1983 Coupe des Coupes (C2) Aberdeen FC
3%
2009 Ligue Europa (C3) Chakhtar Donetsk
3%
1981 Coupe des Coupes (C2) Dinamo Tbilissi
3%
1974 Coupe des Coupes (C2) FC Magdebourg
3%
1982 Ligue Europa (C3) IFK Göteborg
3%
1987 Ligue Europa (C3) IFK Göteborg
3%
1969 Coupe des Coupes (C2) Slovan Bratislava
3%
1961 Coupe des Coupes (C2) ACF Fiorentina
1%
1988 Coupe des Coupes (C2) FC Malines
1%
1981 Ligue Europa (C3) Ipswich Town
1%
1989 Ligue Europa (C3) SSC Naples
1%
1962 Coupe des Coupes (C2) Atlético de Mardid
0%
1979 Ligue Europa (C3) Borussia Möchengladbach
0%
2000 Ligue Europa (C3) Glatasaray
0%
1976 Coupe des Coupes (C2) RSC Anderlecht
0%
1978 Coupe des Coupes (C2) RSC Anderlecht
0%
1983 Ligue Europa (C3) RSC Anderlecht
0%
1972 Ligue Europa (C3) Totenham Hotspurs
0%
1984 Ligue Europa (C3) tTotenham Hotspurs
0%
1965 Coupe des Coupes (C2) West Ham United
0%
Aucun quiz correspondant
Distribution des résultats
% des personnes avec chaque résultat
Percentile par nombre de réponses
Votre historique - résultats
Vous n’avez pas pris ce quiz